Normal view
MARC view
Entry Personal Name
001 - CONTROL NUMBER
- control field: 49351
003 - CONTROL NUMBER IDENTIFIER
- control field: ARRUPE
005 - DATE AND TIME OF LATEST TRANSACTION
- control field: 20200204122251.0
008 - FIXED-LENGTH DATA ELEMENTS
- fixed length control field: 200204|| aca||aabn | a|a d
040 ## - CATALOGING SOURCE
- Original cataloging agency: ARRUPE
- Transcribing agency: ARRUPE
100 ## - HEADING--PERSONAL NAME
- Personal name: Edward
- Numeration: VII,
- Titles and other words associated with a name: King of Great Britain,
- Dates associated with a name: 1841-1910
- General subdivision: Marriage.
670 ## - SOURCE DATA FOUND
- Source citation: Work cat.: (ARRUPE)0: Fisher, Graham, 1920- 49350, Bertie and Alix;, [1974]